000 00477nam a2200169Ia 4500
005 20250508160128.0
008 008 250505s9999 xx 000 0 eng d
020 _a81-250-0746-6
037 _aTextual
040 _aFEDL
_beng
_cFEDL
041 _aeng
_2eng
084 _aB, GUR
_qFEDL
245 0 _aGuru Nanak 1469 A. D.-1539 A. D.: Quincentenary, 1969
260 _aNew Delhi, India
_bDeshbandhu College
942 _cTEXL
_hB, GUR
999 _c1361988
_d1361988